=LDR 00000nam 2200000 4500 =001 INLIS000000000017889 =005 20130612113104 =008 ***********************************Ind** =035 ##$$0010-061300000017889 =041 ##$$a Ind =082 ##$$a 583.78 =090 ##$$a 583.78, Fir m =100 ##$$a Firstantinovi, Evi Syasifa =245 ##$$a Membuanhkan lengkeng dalam pot, Avy Syariefa Firstantinovi =260 ##$$a 2004 $b Jakarta =300 ##$$a viii, 64 hlm, ilus, 20 cm =650 ##$$a Lengkeng-Pembuatan =850 ##$$a NBPNMAT